000 00295nam a2200121Ia 4500
008 231120s2020 xx 000 0 und d
041 _aeng
082 _a751.42
100 _aJEAN HAINES
245 _aATOMOSPHERIC WATER COLOURS
260 _aSEARCH PRESS
_bSEARCH PRESS
_c2020
300 _aH-176
999 _c933327
_d933327